Normal view
MARC view
- McGuinness, William J
Entry Corporate Name
001 - CONTROL NUMBER
- control field: 32542
003 - CONTROL NUMBER IDENTIFIER
- control field: NUST
005 - DATE AND TIME OF LATEST TRANSACTION
- control field: 20201019100321.0
008 - FIXED-LENGTH DATA ELEMENTS
- fixed length control field: 201019|| aca||aabn | a|a d
040 ## - CATALOGING SOURCE
- Original cataloging agency: NUST
- Transcribing agency: NUST
110 ## - HEADING--CORPORATE NAME
- Corporate name or jurisdiction name as entry element: McGuinness, William J
670 ## - SOURCE DATA FOUND
- Source citation: Work cat.: (NUST)298: Stein, Benjamin. 32539, Building technology :, c1997.
